Business Valuation for Pre-Scient Tech. Pvt. Ltd. (Record no. 97211)
[ view plain ]
| 000 -LEADER | |
|---|---|
| fixed length control field | 00399nam a2200145Ia 4500 |
| 008 - FIXED-LENGTH DATA ELEMENTS--GENERAL INFORMATION | |
| fixed length control field | 230128s9999 xx 000 0 und d |
| 041 ## - LANGUAGE CODE | |
| Language code of text/sound track or separate title | eng |
| 082 ## - DEWEY DECIMAL CLASSIFICATION NUMBER | |
| Classification number | PAT PR0430 |
| Item number | PAT |
| 100 ## - MAIN ENTRY--PERSONAL NAME | |
| Personal name | Patil Prajakta D - 2K91105 |
| 9 (RLIN) | 118913 |
| 245 ## - TITLE STATEMENT | |
| Title | Business Valuation for Pre-Scient Tech. Pvt. Ltd. |
| 260 ## - PUBLICATION, DISTRIBUTION, ETC. (IMPRINT) | |
| Date of publication, distribution, etc. | 2011 |
| Name of publisher, distributor, etc. | Pune University |
| Place of publication, distribution, etc. | Pune |
| 300 ## - PHYSICAL DESCRIPTION | |
| Extent | 45p |
| 502 ## - DISSERTATION NOTE | |
| Name of granting institution | Gogate Ranjana |
No items available.